000
00296nam a22001337a 4500
020
_a
818869734-6
082
_a
823
_b
DEF/G
100
_a
DEFOE,DANIEL
245
_a
GREAT WORKS OF DANIEL DEFOE
260
_a
DELHI
_b
BLACK ROSE PUBLICATIONS
300
_a
808
650
_a
NOVEL
_z
INDIA
942
_c
BK
999
_c
3555
_d
3555